[Event "2nd Easter 4NCL Congress"]
[Site "Daventry"]
[Date "2022.04.16"]
[Round "2"]
[Board "19"]
[White "Griffin-Young, Sebastian"]
[Black "Webster, Vivien"]
[Result "0-1"]
[WhiteElo "1431"]
[BlackElo "1653"]
[PlyCount "146"]
[EventDate "2022.04.15"]
[EventRounds "7"]
[EventCountry "ENG"]

1. d4 b6 2. Bf4 Bb7 3. e3 Nf6 4. Nf3 e6 5. Bd3 h6 6. h4 Nd5 7. Bh2 Bb4+ 8. c3
Be7 9. Be5 Bf6 10. Nbd2 Nc6 11. Bxf6 Qxf6 12. Qc2 O-O-O 13. O-O-O e5 14. Ne4
Qe7 15. dxe5 Nxe5 16. Nxe5 Qxe5 17. Bc4 f5 18. Bxd5 Bxd5 19. Ng3 f4 20. e4 Bxa2
21. Nf5 Be6 22. Ne7+ Kb8 23. Ng6 Qb5 24. Nxh8 Bb3 25. Qd3 Qa4 26. Rdg1 Qa1+ 27.
Qb1 Qxb1+ 28. Kxb1 Rxh8 29. g3 f3 30. g4 Bc4 31. e5 Re8 32. h5 Rxe5 33. g5 hxg5
34. Rg3 Be2 35. Rhg1 g4 36. Rxg4 Rxh5 37. Rxg7 Rd5 38. Rg8+ Kb7 39. R8g5 Rd6
40. Kc1 Rh6 41. Kd2 Rd6+ 42. Ke3 Rd3+ 43. Ke4 Rd2 44. Rb1 Bd3+ 45. Ke3 Bxb1 46.
Kxd2 Be4 47. Re5 Bc6 48. Ke3 a6 49. b4 b5 50. Rf5 d6 51. Rxf3 Bxf3 52. Kxf3 Kc6
53. Kf4 Kd7 54. Kf5 Ke7 55. f4 Kf7 56. Ke4 c6 57. Kf5 c5 58. Ke4 cxb4 59. cxb4
Ke6 60. f5+ Kf6 61. Kd5 Kxf5 62. Kxd6 Ke4 63. Kc5 Kd3 64. Kb6 Kc4 65. Ka5 Kb3
66. Kxa6 Kxb4 67. Kb6 Kc4 68. Ka5 b4 69. Ka4 Kc3 70. Kb5 b3 71. Ka4 b2 72. Ka3
b1=Q 73. Ka4 Qb4#  0-1

[Event "2nd Easter 4NCL Congress"]
[Site "Daventry"]
[Date "2022.04.16"]
[Round "2"]
[Board "20"]
[White "Horspool, Ben"]
[Black "Liu, Jacob"]
[Result "0-1"]
[WhiteElo "1525"]
[BlackElo "1415"]
[PlyCount "74"]
[EventDate "2022.04.15"]
[EventRounds "7"]
[EventCountry "ENG"]

1. d4 d5 2. Bf4 Nf6 3. e3 c5 4. c3 Nc6 5. Nd2 Bf5 6. Ngf3 e6 7. Nh4 Bg6 8. Ndf3
Qb6 9. Nxg6 hxg6 10. Qb3 c4 11. Qxb6 axb6 12. h3 b5 13. Be2 b4 14. Nd2 b3 15.
a3 b5 16. O-O Kd7 17. Nf3 Be7 18. Ne5+ Nxe5 19. Bxe5 Ne8 20. Rfe1 f6 21. Bh2
Nd6 22. Bxd6 Bxd6 23. Bf1 f5 24. g3 g5 25. Bg2 Raf8 26. a4 bxa4 27. Rxa4 Ra8
28. Rea1 Rxa4 29. Rxa4 Rb8 30. Kf1 Rb5 31. Ke2 Bc7 32. g4 g6 33. f3 Ra5 34.
Rxa5 Bxa5 35. e4 Bxc3 36. Kd1 Bxb2 37. Kd2 c3+  0-1

[Event "2nd Easter 4NCL Congress"]
[Site "Daventry"]
[Date "2022.04.16"]
[Round "2"]
[Board "21"]
[White "Dargue, Peter W"]
[Black "Wright, George A"]
[Result "1/2-1/2"]
[WhiteElo "1410"]
[BlackElo "1522"]
[PlyCount "106"]
[EventDate "2022.04.15"]
[EventRounds "7"]
[EventCountry "ENG"]

1. e4 c6 2. d4 d5 3. e5 c5 4. dxc5 e6 5. Be3 Nd7 6. Bb5 a6 7. Ba4 Ne7 8. c3 Nf5
9. Bd4 Be7 10. Nf3 O-O 11. Nbd2 b5 12. cxb6 Nxb6 13. Bc2 Nxd4 14. cxd4 a5 15.
a4 Ba6 16. Qb1 h6 17. Bd3 Nc4 18. O-O Rb8 19. Nxc4 dxc4 20. Be2 Qc8 21. Qc2 Rb3
22. Nd2 Rb4 23. Rfc1 Bg5 24. h4 Bxh4 25. Bxc4 Bb7 26. Bf1 Bg5 27. Qxc8 Bxc8 28.
Rc2 Bb7 29. Nf3 Bxf3 30. gxf3 Rxd4 31. Rc5 Rd5 32. Rxd5 exd5 33. Rd1 Rd8 34.
Rd4 Kf8 35. f4 Be7 36. Bg2 Bc5 37. Rxd5 Rxd5 38. Bxd5 Ke7 39. Kg2 f6 40. Kg3
fxe5 41. fxe5 g6 42. f4 Bd4 43. b3 Bc3 44. Kg4 Bd4 45. Be4 g5 46. fxg5 hxg5 47.
Kf5 g4 48. Bd5 g3 49. Kf4 Bc3 50. Ke3 Bxe5 51. Kd3 Kd6 52. Kc4 Bc3 53. Bg2 Bd2
 1/2-1/2

[Event "2nd Easter 4NCL Congress"]
[Site "Daventry"]
[Date "2022.04.16"]
[Round "2"]
[Board "22"]
[White "Cox, R David"]
[Black "Pasari, Rohan"]
[Result "0-1"]
[WhiteElo "1400"]
[BlackElo "1510"]
[PlyCount "46"]
[EventDate "2022.04.15"]
[EventRounds "7"]
[EventCountry "ENG"]

1. e4 e5 2. f4 exf4 3. Nf3 d6 4. d4 c5 5. d5 Bg4 6. Bxf4 Nd7 7. Bb5 a6 8. Bxd7+
Qxd7 9. Nc3 Be7 10. O-O Nf6 11. Qd3 Nh5 12. Bd2 Bf6 13. Rae1 O-O 14. b3 Qe7 15.
Nd1 b5 16. c3 b4 17. cxb4 cxb4 18. Bxb4 Nf4 19. Qb1 Bxf3 20. Rxf3 Bd4+ 21. Kh1
Qg5 22. g3 Qh5 23. Bxd6 Qxf3#  0-1

[Event "2nd Easter 4NCL Congress"]
[Site "Daventry"]
[Date "2022.04.16"]
[Round "2"]
[Board "23"]
[White "Lloyd, Gregory"]
[Black "Patel, Diah Dipal"]
[Result "1-0"]
[WhiteElo "1498"]
[BlackElo "1318"]
[PlyCount "99"]
[EventDate "2022.04.15"]
[EventRounds "7"]
[EventCountry "ENG"]

1. d4 d5 2. c4 e6 3. Nc3 Nf6 4. cxd5 exd5 5. Bg5 h6 6. Bh4 Nbd7 7. e3 Be7 8.
Bd3 Nb6 9. Nge2 Ng4 10. Bxe7 Qxe7 11. h3 Qh4 12. O-O Nf6 13. Ng3 g5 14. Nf5
Bxf5 15. Bxf5 Rg8 16. g3 Qh5 17. Qxh5 Nxh5 18. e4 Ng7 19. Bg4 h5 20. Bf3 h4 21.
Bg4 Rf8 22. Rfe1 hxg3 23. fxg3 Kd8 24. e5 Nc4 25. b3 f5 26. exf6 Ne8 27. bxc4
dxc4 28. f7 Nd6 29. Be6 Nxf7 30. Rf1 Ke7 31. Rae1 Nd6 32. Bg4+ Ne4 33. Rxe4+
Kd6 34. Rxf8 Rxf8 35. Re5 c5 36. Ne4+ Kc6 37. Rxc5+ Kb6 38. Rxc4 Kb5 39. Rc5+
Kb6 40. Rxg5 Rc8 41. Bxc8 Ka6 42. Bxb7+ Kxb7 43. Rg6 Ka8 44. Rg7 Kb8 45. h4 Kc8
46. h5 Kd8 47. h6 Ke8 48. Rxa7 Kf8 49. h7 Ke8 50. h8=Q#  1-0

[Event "2nd Easter 4NCL Congress"]
[Site "Daventry"]
[Date "2022.04.16"]
[Round "2"]
[Board "24"]
[White "Darbost, Fabien"]
[Black "Dunne, David C"]
[Result "0-1"]
[WhiteElo "1258"]
[BlackElo "1497"]
[PlyCount "48"]
[EventDate "2022.04.15"]
[EventRounds "7"]
[EventCountry "ENG"]

1. e4 e5 2. Nf3 Nc6 3. Bc4 Bc5 4. c3 Bb6 5. O-O d6 6. Ng5 Qxg5 7. d4 Qg6 8. d5
Nce7 9. Nd2 Nf6 10. Re1 Ng4 11. Rf1 O-O 12. Qf3 f5 13. Qe2 Nxf2 14. Nb3 fxe4
15. Be3 Nh3+ 16. Kh1 Nf4 17. Bxf4 exf4 18. Rae1 Bg4 19. Qxe4 Qxe4 20. Rxe4 Ng6
21. a3 Bf5 22. Re2 Bh3 23. Ree1 f3 24. Re4 Bxg2#  0-1

[Event "2nd Easter 4NCL Congress"]
[Site "Daventry"]
[Date "2022.04.16"]
[Round "2"]
[Board "26"]
[White "Wilson, Jeff"]
[Black "Veeturi, Yashvardhan"]
[Result "1-0"]
[WhiteElo "1447"]
[BlackElo "1165"]
[PlyCount "43"]
[EventDate "2022.04.15"]
[EventRounds "7"]
[EventCountry "ENG"]

1. e4 d6 2. d4 Nf6 3. Nc3 Nbd7 4. Bc4 e5 5. f4 Be7 6. Nf3 h6 7. O-O c6 8. fxe5
dxe5 9. dxe5 Ng4 10. e6 fxe6 11. Bxe6 Qb6+ 12. Nd4 Ndf6 13. Na4 Qa5 14. b3 b5
15. Bxc8 Rxc8 16. Bd2 Qc7 17. Bf4 Bd6 18. Ne6 Qb7 19. Qxd6 bxa4 20. Nc5 Qb6 21.
Qe6+ Kd8 22. Rad1+  1-0

[Event "2nd Easter 4NCL Congress"]
[Site "Daventry"]
[Date "2022.04.16"]
[Round "3"]
[Board "1"]
[White "Loyden, Gary"]
[Black "Szydlowski, Sebastien"]
[Result "1/2-1/2"]
[WhiteElo "1526"]
[BlackElo "1681"]
[PlyCount "35"]
[EventDate "2022.04.15"]
[EventRounds "7"]
[EventCountry "ENG"]

1. c4 e5 2. Nc3 Nf6 3. g3 Bb4 4. e4 Bxc3 5. dxc3 d6 6. Bd3 O-O 7. f3 h6 8. Be3
c6 9. Qd2 Kh7 10. g4 Rh8 11. Ne2 Kg8 12. O-O-O d5 13. Bc2 Be6 14. g5 hxg5 15.
Bxg5 Nbd7 16. cxd5 cxd5 17. exd5 Bxd5 18. Bxf6  1/2-1/2

[Event "2nd Easter 4NCL Congress"]
[Site "Daventry"]
[Date "2022.04.16"]
[Round "3"]
[Board "2"]
[White "Wallman, James"]
[Black "Jerome, Stelio"]
[Result "0-1"]
[WhiteElo "1601"]
[BlackElo "1494"]
[PlyCount "106"]
[EventDate "2022.04.15"]
[EventRounds "7"]
[EventCountry "ENG"]

1. e4 c5 2. c3 g6 3. Bc4 Nc6 4. Nf3 e6 5. d3 Bg7 6. Be3 b6 7. Nbd2 Nge7 8. h3
O-O 9. Nh2 d5 10. exd5 exd5 11. Bb3 Nf5 12. O-O Ne5 13. Ndf3 Ba6 14. Bc2 Nc6
15. Re1 Nxe3 16. Rxe3 d4 17. cxd4 Nxd4 18. Bb3 Bh6 19. Re1 Nxb3 20. Qxb3 Qxd3
21. Qxd3 Bxd3 22. Rad1 c4 23. Ne5 Rad8 24. Nc6 Rde8 25. Nb4 Rxe1+ 26. Rxe1 Bd2
27. Nxd3 Bxe1 28. Nxe1 Rd8 29. Nhf3 Rd1 30. Kh2 Rb1 31. b3 c3 32. g3 Rb2 33.
Kg2 c2 34. Nd3 Rb1 35. Nd2 c1=Q 36. Nxc1 Rxc1 37. a4 a6 38. Kf3 Rc3+ 39. Ke2 f5
40. f3 Kf7 41. h4 h5 42. Kf2 Ke6 43. f4 Kd5 44. b4 Kd4 45. Nf3+ Rxf3+ 46. Kxf3
Kc3 47. b5 a5 48. Ke3 Kb4 49. Kd4 Kxa4 50. Kc4 Ka3 51. Kc3 a4 52. Kc4 Kb2 53.
Kb4 a3  0-1

[Event "2nd Easter 4NCL Congress"]
[Site "Daventry"]
[Date "2022.04.16"]
[Round "3"]
[Board "3"]
[White "Dias, Yan A"]
[Black "Bullock, Lee"]
[Result "1-0"]
[WhiteElo "1525"]
[BlackElo "1579"]
[PlyCount "91"]
[EventDate "2022.04.15"]
[EventRounds "7"]
[EventCountry "ENG"]

1. e4 c5 2. a3 Nc6 3. b4 d6 4. b5 Ne5 5. f4 Bg4 6. Be2 Bxe2 7. Qxe2 Nd7 8. Nf3
e5 9. d3 Ngf6 10. Nc3 Be7 11. O-O h6 12. Nd5 Nxd5 13. exd5 Qc7 14. c4 O-O-O 15.
fxe5 dxe5 16. Bb2 Bf6 17. a4 Rde8 18. Rfe1 g5 19. Nd2 Bg7 20. Rf1 Rhf8 21. Rf5
f6 22. Ne4 Rf7 23. a5 Kb8 24. Bc3 Nf8 25. b6 Qd7 26. g4 Rc8 27. Qe3 Ng6 28.
Nxc5 Rxc5 29. bxa7+ Ka8 30. Qxc5 Ne7 31. Bb4 Nxf5 32. gxf5 Bf8 33. d6 Qxf5 34.
Qb6 Qg4+ 35. Kf2 Rd7 36. a6 Qf4+ 37. Ke2 Qxh2+ 38. Kd1 Qh1+ 39. Kc2 Qxa1 40.
axb7+ Rxb7 41. Qd8+ Kxa7 42. Bc5+ Rb6 43. Qxb6+ Ka8 44. Qd8+ Kb7 45. Qc7+ Ka8
46. Qc8#  1-0

[Event "2nd Easter 4NCL Congress"]
[Site "Daventry"]
[Date "2022.04.16"]
[Round "3"]
[Board "4"]
[White "Mckay, Ruairidh"]
[Black "Maher, Mike P"]
[Result "1-0"]
[WhiteElo "1544"]
[BlackElo "1692"]
[PlyCount "125"]
[EventDate "2022.04.15"]
[EventRounds "7"]
[EventCountry "ENG"]

1. d4 e6 2. Nf3 f5 3. Bg5 Nf6 4. Bxf6 Qxf6 5. e3 b6 6. Be2 Bb7 7. c4 d6 8. Nc3
Be7 9. O-O O-O 10. d5 e5 11. Rb1 a5 12. a3 Nd7 13. Nb5 Bd8 14. a4 g5 15. Ne1
Qh6 16. f4 g4 17. Bxg4 fxg4 18. Qxg4+ Qg7 19. Qxg7+ Kxg7 20. f5 Nc5 21. Nc3 Ba6
22. b3 Nxb3 23. Rxb3 Bxc4 24. Rb2 Bxf1 25. Kxf1 Rxf5+ 26. Kg1 Bg5 27. Re2 Raf8
28. Nf3 Bh6 29. e4 R5f7 30. Nb5 Kg8 31. Kf2 Bg5 32. Ke1 Rxf3 33. gxf3 Bh4+ 34.
Kd2 Rxf3 35. Nxc7 Rf2 36. Nb5 Rxe2+ 37. Kxe2 Be7 38. Na7 Kf7 39. Nc8 Ke8 40.
Nxb6 Bd8 41. Nc4 Bc7 42. Kf3 Kf7 43. Na3 Bb8 44. Nc4 Bc7 45. h3 Kg6 46. Ne3 h5
47. Nf5 Kf6 48. h4 Kf7 49. Ke2 Ke8 50. Ng7+ Kf7 51. Nxh5 Bd8 52. Ng3 Bxh4 53.
Nf5 Be7 54. Nxe7 Kxe7 55. Kd3 Kf6 56. Kc4 Kg5 57. Kb5 Kf4 58. Kc6 Kxe4 59. Kxd6
Kd4 60. Kc6 e4 61. d6 e3 62. d7 e2 63. d8=Q+  1-0

[Event "2nd Easter 4NCL Congress"]
[Site "Daventry"]
[Date "2022.04.16"]
[Round "3"]
[Board "5"]
[White "Homer, Neil S"]
[Black "Holyhead, James"]
[Result "1-0"]
[WhiteElo "1692"]
[BlackElo "1510"]
[PlyCount "125"]
[EventDate "2022.04.15"]
[EventRounds "7"]
[EventCountry "ENG"]

1. e4 c6 2. d4 d5 3. exd5 cxd5 4. Bd3 Nc6 5. c3 Nf6 6. Bf4 Bg4 7. Qb3 Qd7 8. h3
Bh5 9. Nd2 e6 10. Ngf3 Be7 11. O-O Bg6 12. Bb5 Bd6 13. Ne5 Bxe5 14. Bxe5 Ne4
15. Nxe4 Bxe4 16. f3 Bf5 17. Qa3 f6 18. Bh2 h5 19. Rfe1 Kf7 20. Rad1 a6 21. Bd3
g6 22. Bxf5 gxf5 23. Re2 Rae8 24. Rde1 h4 25. Qa4 Ne5 26. Qc2 Nc6 27. Qd2 b5
28. b4 Na7 29. Qf4 Nc8 30. Kf2 Nb6 31. Qd6 Qxd6 32. Bxd6 Na4 33. Rc2 Nb6 34.
Ra1 Nc4 35. Bc5 Rhg8 36. a4 Ra8 37. Rca2 Rg3 38. axb5 Rag8 39. Rg1 axb5 40.
Ra7+ Ke8 41. Re7+ Kd8 42. Rxe6 Re8 43. Rxe8+ Kxe8 44. Re1+ Kf7 45. Re7+ Kg6 46.
Rd7 Nb2 47. Bd6 f4 48. Kf1 Kf5 49. Bc5 Ke6 50. Rd6+ Kf7 51. Rxd5 Nd1 52. Rd7+
Kg6 53. d5 Kf5 54. Bd4 Rg8 55. Rf7 Ne3+ 56. Bxe3 fxe3 57. Re7 Rd8 58. Rxe3 Rxd5
59. Ke2 Kf4 60. Re4+ Kg5 61. Rd4 Re5+ 62. Kf2 f5 63. f4+  1-0

[Event "2nd Easter 4NCL Congress"]
[Site "Daventry"]
[Date "2022.04.16"]
[Round "3"]
[Board "6"]
[White "Sagar, Aneesh"]
[Black "Dos Santos Silva, Bruno Alexandre"]
[Result "1-0"]
[WhiteElo "1580"]
[BlackElo "1647"]
[PlyCount "87"]
[EventDate "2022.04.15"]
[EventRounds "7"]
[EventCountry "ENG"]

1. e4 c5 2. Nf3 d6 3. d4 cxd4 4. Nxd4 Nf6 5. Nc3 g6 6. Bb5+ Bd7 7. Bxd7+ Qxd7
8. O-O Bg7 9. Be3 O-O 10. f3 Nc6 11. Qd2 d5 12. Nxc6 bxc6 13. Bh6 e6 14. Bxg7
Kxg7 15. e5 Ne8 16. Qd4 Kg8 17. Ne4 Qd8 18. Nc5 Ng7 19. g4 Qg5 20. Nd7 Nf5 21.
Qf2 Rfc8 22. Nf6+ Kg7 23. f4 Qh4 24. gxf5 Qxf2+ 25. Rxf2 exf5 26. c3 Rc7 27.
Rg2 Kh8 28. Re2 Kg7 29. Rd2 Re7 30. h4 Rd8 31. Kf2 h6 32. Rg1 Re6 33. Kf3 Rxf6
34. exf6+ Kxf6 35. Re1 a5 36. Rd4 Rb8 37. Re2 Kg7 38. b3 f6 39. Re7+ Kf8 40.
Re6 Kg7 41. Rxc6 g5 42. hxg5 fxg5 43. fxg5 hxg5 44. Rxd5  1-0

[Event "2nd Easter 4NCL Congress"]
[Site "Daventry"]
[Date "2022.04.16"]
[Round "3"]
[Board "7"]
[White "Cotterell, David M"]
[Black "Llewellyn, Alan M"]
[Result "1-0"]
[WhiteElo "1541"]
[BlackElo "1624"]
[PlyCount "53"]
[EventDate "2022.04.15"]
[EventRounds "7"]
[EventCountry "ENG"]

1. c4 e5 2. g3 d5 3. cxd5 Nf6 4. Nc3 Nxd5 5. Bg2 Nxc3 6. bxc3 Nc6 7. e3 Bd7 8.
Ne2 Rb8 9. O-O Bd6 10. d4 O-O 11. d5 Ne7 12. e4 c6 13. c4 b5 14. dxc6 Bxc6 15.
cxb5 Bxb5 16. a3 Re8 17. Re1 Qb6 18. Nc3 Bc5 19. Be3 Red8 20. Qf3 Rd3 21. Nxb5
Qxb5 22. Bf1 Rxe3 23. Rxe3 Qb2 24. Ree1 Rb3 25. Qe2 Qd4 26. Rad1 Rb2 27. Rxd4
 1-0

[Event "2nd Easter 4NCL Congress"]
[Site "Daventry"]
[Date "2022.04.16"]
[Round "3"]
[Board "8"]
[White "Jenkins, Theo"]
[Black "Hadfield, Roy"]
[Result "1-0"]
[WhiteElo "1598"]
[BlackElo "1585"]
[PlyCount "215"]
[EventDate "2022.04.15"]
[EventRounds "7"]
[EventCountry "ENG"]

1. e4 c5 2. Nf3 e6 3. d4 cxd4 4. Nxd4 a6 5. Bd3 g6 6. O-O Bg7 7. Be3 Qc7 8. c3
Nf6 9. h3 O-O 10. Qd2 d6 11. Bh6 Nbd7 12. Bxg7 Kxg7 13. Re1 b5 14. Na3 Bb7 15.
Nb3 Rac8 16. c4 bxc4 17. Nxc4 Rfd8 18. Nca5 Ne5 19. Rac1 Qb8 20. Nxb7 Qxb7 21.
Bb1 Rxc1 22. Qxc1 d5 23. Qg5 Nc6 24. e5 Ne8 25. Qh4 Qb4 26. Qxb4 Nxb4 27. Nd4
Rc8 28. a3 Nc6 29. Rc1 Ne7 30. Rxc8 Nxc8 31. Bd3 Nc7 32. Nc6 Nb6 33. b3 Nd7 34.
f4 Nc5 35. Bc2 Kf8 36. b4 Nb7 37. Bd3 Ke8 38. a4 f6 39. Nb8 a5 40. b5 Nc5 41.
Bc2 fxe5 42. fxe5 Nd7 43. Nc6 Na8 44. Nxa5 Nxe5 45. Kf2 Kd7 46. Ke3 Nb6 47. Kd4
Nec4 48. Nxc4 Nxc4 49. Bb3 Na5 50. Ba2 Kd6 51. Kc3 Kc5 52. Bb1 e5 53. h4 e4 54.
g4 d4+ 55. Kd2 Nc4+ 56. Ke1 d3 57. Ba2 Nb6 58. Bg8 h6 59. Bh7 Kd4 60. Bxg6 e3
61. g5 hxg5 62. hxg5 d2+ 63. Kd1 Nc4 64. Bh5 Nb2+ 65. Kc2 Nc4 66. g6 Na3+ 67.
Kb3 Kd3 68. g7 e2 69. Bxe2+ Kxe2 70. g8=Q d1=Q+ 71. Kxa3 Qd6+ 72. Kb3 Qd1+ 73.
Kb4 Qd2+ 74. Kc5 Qe3+ 75. Kc6 Qc3+ 76. Kb7 Qf3+ 77. Ka7 Qa3 78. Qg4+ Ke1 79.
Qe4+ Kf1 80. b6 Qc5 81. Qb7 Ke1 82. a5 Qxa5+ 83. Qa6 Qe5 84. b7 Qc5+ 85. Ka8
Qd5 86. Qb6 Qa2+ 87. Kb8 Qg8+ 88. Kc7 Qf7+ 89. Kc8 Qe8+ 90. Qd8 Qc6+ 91. Kb8
Qb5 92. Qe7+ Kf1 93. Qf6+ Ke1 94. Qa1+ Ke2 95. Ka8 Qc6 96. Qa2+ Ke1 97. Qa5+
Kf1 98. Ka7 Qd7 99. Qa6+ Ke1 100. Qa1+ Kf2 101. Qb2+ Ke1 102. Qb4+ Kd1 103. Qc4
Qe7 104. Qd5+ Ke2 105. Qc6 Ke1 106. Qc3+ Kf1 107. Qd3+ Ke1 108. Ka8  1-0

[Event "2nd Easter 4NCL Congress"]
[Site "Daventry"]
[Date "2022.04.16"]
[Round "3"]
[Board "9"]
[White "Vaidyanathan, Adithya"]
[Black "Hu, Edward"]
[Result "1-0"]
[WhiteElo "1590"]
[BlackElo "1444"]
[PlyCount "65"]
[EventDate "2022.04.15"]
[EventRounds "7"]
[EventCountry "ENG"]

1. Nf3 Nf6 2. d4 e6 3. c4 d5 4. Nc3 Bb4 5. Bg5 h6 6. Bh4 c5 7. dxc5 Nc6 8. e3
Bxc5 9. cxd5 exd5 10. Bxf6 Qxf6 11. Nxd5 Qxb2 12. Rb1 Qxa2 13. Nc7+ Kf8 14.
Nxa8 Bb4+ 15. Rxb4 Qa5 16. Qd6+ Kg8 17. Be2 Qxb4+ 18. Qxb4 Nxb4 19. O-O Kh7 20.
Nc7 Rd8 21. Rb1 Nc6 22. h3 a6 23. Rb6 Rd7 24. Nxa6 bxa6 25. Rxc6 Bb7 26. Rb6
Bxf3 27. Bxf3 Ra7 28. Be4+ g6 29. g4 Kg7 30. Rb3 a5 31. Kg2 Kf6 32. f4 g5 33.
Kf3  1-0

[Event "2nd Easter 4NCL Congress"]
[Site "Daventry"]
[Date "2022.04.16"]
[Round "3"]
[Board "10"]
[White "Morris, Nigel W"]
[Black "Keshari, Rohit"]
[Result "0-1"]
[WhiteElo "1587"]
[BlackElo "1182"]
[PlyCount "62"]
[EventDate "2022.04.15"]
[EventRounds "7"]
[EventCountry "ENG"]

1. Nf3 d5 2. d4 e6 3. c4 c6 4. Qc2 f5 5. Bf4 Nf6 6. Nbd2 Bd6 7. Ne5 O-O 8. h3
Ne4 9. c5 Bc7 10. e3 Nd7 11. Ndf3 Ba5+ 12. Kd1 Nxe5 13. Bxe5 b6 14. a3 bxc5 15.
dxc5 Bc7 16. Bxc7 Qxc7 17. b4 a5 18. Rb1 axb4 19. axb4 Ra2 20. Rb2 Ra1+ 21. Ke2
Ba6+ 22. b5 cxb5 23. Rb4 Ra2 24. Rb2 b4+ 25. Ke1 Ra1+ 26. Rb1 Rxb1+ 27. Qxb1
Bxf1 28. Rxf1 Qxc5 29. Nd2 Qc3 30. Qd1 Ra8 31. Ke2 Ra2  0-1

[Event "2nd Easter 4NCL Congress"]
[Site "Daventry"]
[Date "2022.04.16"]
[Round "3"]
[Board "11"]
[White "Beswick, Andrew"]
[Black "Hariharan, Shambavi"]
[Result "0-1"]
[WhiteElo "1684"]
[BlackElo "1466"]
[PlyCount "114"]
[EventDate "2022.04.15"]
[EventRounds "7"]
[EventCountry "ENG"]

1. e4 c6 2. d4 d5 3. exd5 cxd5 4. Bd3 Nc6 5. Nf3 Bg4 6. c3 Nf6 7. h3 Bh5 8. O-O
e6 9. Bg5 Be7 10. Nbd2 O-O 11. Re1 Re8 12. Qa4 a6 13. Ne5 Nxe5 14. dxe5 Nd7 15.
Bxe7 Qxe7 16. g4 Bg6 17. Bxg6 hxg6 18. Nf3 Nc5 19. Qd4 b5 20. Rad1 Ne4 21. Kg2
Rec8 22. a3 Qc5 23. Qxc5 Nxc5 24. Nd4 Na4 25. Re2 Rab8 26. f4 Nc5 27. f5 gxf5
28. gxf5 a5 29. fxe6 Nxe6 30. Nxe6 fxe6 31. Rd4 Rf8 32. Rd3 b4 33. cxb4 axb4
34. a4 Rfc8 35. b3 Rc3 36. Red2 Rbc8 37. Kf3 Rc1 38. Rd4 R8c3+ 39. R4d3 Rb1 40.
Rxc3 bxc3 41. Rc2 Rxb3 42. Ke3 Ra3 43. Kd3 Rxa4 44. Rxc3 Re4 45. Rc6 Rxe5 46.
Rd6 Kf7 47. Rd7+ Kf6 48. Rd8 Rh5 49. Rf8+ Ke5 50. Rf3 d4 51. Rg3 Kd5 52. Rxg7
Rxh3+ 53. Kd2 e5 54. Rd7+ Ke4 55. Ra7 Rh2+ 56. Kd1 Ke3 57. Ra3+ d3  0-1

[Event "2nd Easter 4NCL Congress"]
[Site "Daventry"]
[Date "2022.04.16"]
[Round "3"]
[Board "12"]
[White "Wall, Robert"]
[Black "Cox, Lucian"]
[Result "1-0"]
[WhiteElo "1673"]
[BlackElo "1545"]
[PlyCount "139"]
[EventDate "2022.04.15"]
[EventRounds "7"]
[EventCountry "ENG"]

1. d4 Nf6 2. Nf3 g6 3. Bf4 Bg7 4. e3 d6 5. Bc4 O-O 6. O-O Nbd7 7. a4 Qe8 8. c3
e5 9. dxe5 dxe5 10. Bg5 e4 11. Nd4 Nb6 12. Bb3 c5 13. Nb5 Qc6 14. Bf4 Bg4 15.
Qc1 c4 16. Bc2 Rad8 17. Nd4 Qe8 18. Nd2 Nfd5 19. Bg3 f5 20. a5 Nd7 21. Nxc4 Ne5
22. Nxe5 Bxe5 23. Bxe5 Qxe5 24. Bb3 Kh8 25. c4 Nf6 26. Qc3 Rc8 27. Nb5 Qxc3 28.
Nxc3 g5 29. Nb5 a6 30. Nd6 Rc6 31. c5 h6 32. Rac1 Nd7 33. Ba4 Rc7 34. b4 Ne5
35. Bd1 Bxd1 36. Rfxd1 Nd3 37. Rb1 Re7 38. f3 Ne5 39. fxe4 fxe4 40. Rf1 Rxf1+
41. Rxf1 Nd3 42. Rf8+ Kh7 43. Rb8 Nxb4 44. Kf1 Nc6 45. Rxb7 Rxb7 46. Nxb7 Kg6
47. Ke2 Kf5 48. Kd2 Ke5 49. g4 Kd5 50. Kc3 Ne5 51. h3 Nd3 52. Nd8 Nf2 53. c6
Kd6 54. Kd4 Nxh3 55. Kxe4 Kc7 56. Nf7 Kxc6 57. Kf3 Kb5 58. Kg2 Kxa5 59. Kxh3
Kb4 60. Ne5 Kb5 61. Kg3 a5 62. Nd3 Kc4 63. Nc1 a4 64. e4 a3 65. Kf3 Kc3 66. e5
Kc2 67. e6 Kxc1 68. e7 a2 69. e8=Q a1=Q 70. Qe1+  1-0

[Event "2nd Easter 4NCL Congress"]
[Site "Daventry"]
[Date "2022.04.16"]
[Round "3"]
[Board "13"]
[White "Pasari, Rohan"]
[Black "Collyer, David"]
[Result "0-1"]
[WhiteElo "1510"]
[BlackElo "1663"]
[PlyCount "76"]
[EventDate "2022.04.15"]
[EventRounds "7"]
[EventCountry "ENG"]

1. d4 Nf6 2. c4 g6 3. Nc3 Bg7 4. Bg5 d6 5. e3 O-O 6. Nf3 a6 7. Bd3 c5 8. d5
Nbd7 9. O-O h6 10. Bh4 g5 11. Bg3 Nh5 12. Ne2 Bxb2 13. Bh7+ Kh8 14. Rb1 Bg7 15.
Bf5 Nxg3 16. Nxg3 Ne5 17. Nxe5 Bxe5 18. Qh5 Bg7 19. h4 gxh4 20. Qxh4 e6 21.
Qxd8 Rxd8 22. dxe6 fxe6 23. Bg6 b5 24. cxb5 axb5 25. Rxb5 Ba6 26. Rb6 Bxf1 27.
Kxf1 c4 28. Ne4 d5 29. Nd6 Rf8 30. Rb7 Rxa2 31. Nf7+ Kg8 32. Nxh6+ Bxh6 33.
Bh7+ Kh8 34. Bg6 Rfxf2+ 35. Ke1 Rxg2 36. Rh7+ Kg8 37. Bf7+ Kxh7 38. Kf1 Rgb2
 0-1

[Event "2nd Easter 4NCL Congress"]
[Site "Daventry"]
[Date "2022.04.16"]
[Round "3"]
[Board "14"]
[White "Webster, Vivien"]
[Black "Lloyd, Gregory"]
[Result "1-0"]
[WhiteElo "1653"]
[BlackElo "1498"]
[PlyCount "55"]
[EventDate "2022.04.15"]
[EventRounds "7"]
[EventCountry "ENG"]

1. e4 e5 2. Nf3 Nc6 3. Bc4 Nf6 4. O-O Bc5 5. Nc3 d6 6. d3 a6 7. a3 h6 8. Ne2
Bg4 9. Ng3 Nd4 10. c3 Nxf3+ 11. gxf3 Bh3 12. Re1 h5 13. Qb3 h4 14. Bxf7+ Kf8
15. Bg6 Qe7 16. Nf5 Bxf5 17. exf5 Nh7 18. d4 Bb6 19. f4 e4 20. Rxe4 Qd7 21. Bd2
Nf6 22. Re2 Rh6 23. Qe6 Rxg6+ 24. fxg6 Qxe6 25. Rxe6 Re8 26. Rae1 Ba7 27. Rxf6+
gxf6 28. g7+  1-0

[Event "2nd Easter 4NCL Congress"]
[Site "Daventry"]
[Date "2022.04.16"]
[Round "3"]
[Board "15"]
[White "Dunne, David C"]
[Black "Lacoult, Maxime"]
[Result "0-1"]
[WhiteElo "1497"]
[BlackElo "1599"]
[PlyCount "42"]
[EventDate "2022.04.15"]
[EventRounds "7"]
[EventCountry "ENG"]

1. e4 e5 2. Nf3 Nc6 3. Bb5 Nf6 4. d4 exd4 5. O-O Bc5 6. Nbd2 O-O 7. Nb3 Bb6 8.
Bg5 Re8 9. Bxc6 dxc6 10. e5 h6 11. Bh4 g5 12. Bg3 Nh5 13. Nfxd4 Nxg3 14. hxg3
Rxe5 15. Qh5 Bxd4 16. Rad1 Rd5 17. Qxh6 Bg7 18. Qh5 g4 19. Qh4 Rxd1 20. f3 Bd4+
21. Nxd4 Qxd4+  0-1

[Event "2nd Easter 4NCL Congress"]
[Site "Daventry"]
[Date "2022.04.16"]
[Round "3"]
[Board "16"]
[White "Ashworth, Steven M"]
[Black "Constable, John"]
[Result "1/2-1/2"]
[WhiteElo "1473"]
[BlackElo "1595"]
[PlyCount "75"]
[EventDate "2022.04.15"]
[EventRounds "7"]
[EventCountry "ENG"]

1. e4 g6 2. d4 Bg7 3. f4 d6 4. Nf3 Nf6 5. Bd3 O-O 6. O-O Bg4 7. h3 Bxf3 8. Qxf3
Nc6 9. c3 Nd7 10. d5 Ncb8 11. h4 c6 12. h5 cxd5 13. hxg6 fxg6 14. Qg3 Nc5 15.
exd5 Nxd3 16. Qxd3 Nd7 17. Be3 b6 18. b4 Rc8 19. Bd4 Nf6 20. f5 Ng4 21. Bxg7
Kxg7 22. Qd4+ Ne5 23. Nd2 Qc7 24. c4 Kg8 25. fxg6 hxg6 26. Rxf8+ Rxf8 27. Rf1
Qc8 28. b5 Rxf1+ 29. Kxf1 Qf5+ 30. Qf2 Kg7 31. Qxf5 gxf5 32. g3 Kf6 33. Ke2 Nd7
34. Nf3 Ne5 35. Nxe5 Kxe5 36. Ke3 e6 37. dxe6 Kxe6 38. Kd4  1/2-1/2

[Event "2nd Easter 4NCL Congress"]
[Site "Daventry"]
[Date "2022.04.16"]
[Round "3"]
[Board "17"]
[White "Liu, Jacob"]
[Black "Sartain, Patrick P"]
[Result "1-0"]
[WhiteElo "1415"]
[BlackElo "1570"]
[PlyCount "79"]
[EventDate "2022.04.15"]
[EventRounds "7"]
[EventCountry "ENG"]

1. e4 d6 2. d4 h6 3. Nf3 a6 4. Bd3 Bg4 5. c3 Nf6 6. O-O e6 7. h3 Bh5 8. Bf4 Be7
9. Nbd2 Nbd7 10. Qc2 g5 11. Bh2 g4 12. hxg4 Nxg4 13. Qb3 Nxh2 14. Nxh2 e5 15.
Qxb7 Rb8 16. Qxa6 Rxb2 17. Nc4 Rb8 18. Qa4 f6 19. Na5 Ra8 20. Qb5 Qc8 21. f4
Kf8 22. fxe5 dxe5 23. dxe5 Rb8 24. Qd5 Bf7 25. e6 Nb6 26. Qf5 Bxe6 27. Qf3 Nd7
28. Nc6 Rb2 29. Nxe7 Kxe7 30. e5 Rf8 31. exf6+ Rxf6 32. Qe4 Qf8 33. Qh7+ Kd6
34. Rad1 Bd5 35. Be4 Rxf1+ 36. Nxf1 Qf2+ 37. Kh1 Nf6 38. Qxh6 Ke5 39. Bxd5 Nxd5
40. Qg5+  1-0